000 00407nam a2200145Ia 4500
008 230917s9999||||xx |||||||||||||| ||und||
040 _e79839
_aMAIN
041 _aEnglish
082 _a342 S95B
100 _aSchwartz, Bernard
245 0 _aLegal control of government: administrative law in Britain and the United States
260 _aOxford
_bClarendon
_c1972
300 _axxxii, 349 p.
942 _cBK
999 _c203653
_d203653